书目信息 |
| 题名: |
我国经济体制改革的基本问题
|
|
| 作者: | 于光远 主编 | |
| 分册: | ||
| 出版信息: | 南昌 江西人民出版社 1985 |
|
| 页数: | 334页 | |
| 开本: | 20cm | |
| 丛书名: | ||
| 单 册: | ||
| 中图分类: | F121 , F120 | |
| 科图分类: | ||
| 主题词: | 经济体制改革--研究--中国 | |
| 电子资源: | ||
| ISBN: | ||
| 000 | 00679nam0 2200241 450 | |
| 001 | 1544264275 | |
| 005 | 20150126121804.17 | |
| 010 | @dCNY2.00 | |
| 091 | @a3110.134 | |
| 100 | @a19900816d1985 kemy0chiy0110 ea | |
| 101 | 0 | @achi |
| 102 | @aCN@b360000 | |
| 105 | @ay z 000yy | |
| 200 | 1 | @a我国经济体制改革的基本问题@9wo guo jing ji ti zhi gai ge de ji ben wen ti@e理论·内容·意义@f于光远主编 |
| 210 | @a南昌@c江西人民出版社@d1985 | |
| 215 | @a334页@d20cm | |
| 606 | 0 | @a经济体制改革@x研究@y中国 |
| 610 | 0 | @a改革 |
| 690 | @aF121@v5 | |
| 690 | @aF120@v4 | |
| 701 | 0 | @a于光远@9yu guang yuan@f(1915~)@4主编 |
| 801 | 0 | @aCN@bTSSF@c20150126 |
| 905 | @aZUCC@dF120@eJY3 | |
| 我国经济体制改革的基本问题:理论·内容·意义/于光远主编.-南昌:江西人民出版社,1985 |
| 334页;20cm |
| ISBN :CNY2.00 |
| ● |
| 相关链接 |
|
|
|
|
正题名:我国经济体制改革的基本问题
索取号:F120/JY3
 
预约/预借
| 序号 | 登录号 | 条形码 | 馆藏地/架位号 | 状态 | 备注 |
| 1 | 7859931 | 278599312 | 学院路分馆/ [索取号:F120/JY3] | 在馆 | |
| 2 | 7859932 | 278599321 | 学院路分馆/ [索取号:F120/JY3] | 在馆 |